Take it as read

Gorde:
Xehetasun bibliografikoak
Formatua: Liburua
Argitaratua: 1983
Etiketak: Etiketa erantsi
Etiketarik gabe, Izan zaitez lehena erregistro honi etiketa jartzen!
Thư viện lưu trữ: Mạng thư viện Đại học Đà Nẵng
LEADER 00421nam a22001811a 4500
001 000038003
003 14298
005 20160412021211.0
008 160412s1983 000
082 |a 4A(07)1519 
245 |a Take it as read  |c Mark Ellis 
260 |c 1983 
OWN |a LNN 
999 |a From the UDN01 
TYP |a Monograph 
980 |a Mạng thư viện Đại học Đà Nẵng